Annals of tropical medicine and public health

Bibliographic Details
Corporate Author: Africa Health Research Organization
Format: Electronic Journal
Language:English
Published: Mumbai : Medknow Publications, [2008]-
Subjects:
Online Access:Full text available from Research Library: 01/01/2008 to present

MARC

LEADER 00000nas a2200000 a 4500
001 ssj0064225
003 WaSeSS
005 20200512172242.0
006 m d
007 cr n
008 100817c20089999ii fr p s 0 0eng
010 |a  2009347414 
016 7 |a 101491477  |2 DNLM 
022 |l 1755-6783  |y 0974-6005 
025 |a I-E-E-2009-347414; 88-91 
035 |a (WaSeSS)ssj0064225 
040 |a DLC  |b eng  |c DLC  |d DLC  |d NLM  |d CUS  |d OCLCF  |d OCLCQ  |d OCLCO  |d RDF  |d OCLCO  |d OCLCQ  |d CUS  |d WaSeSS 
042 |a pcc 
050 1 4 |a RC960 
060 0 0 |a W1  |b AN627Q 
210 0 |a Ann. trop. med. public health 
222 0 |a Annals of tropical medicine and public health 
245 0 0 |a Annals of tropical medicine and public health  |h [electronic resource]. 
246 1 |a ATMPH 
260 |a Mumbai :  |b Medknow Publications,  |c [2008]- 
310 |a Semiannual 
362 1 |a Began with vol. 1, issue 1 (Jan./June 2008). 
506 |a License restrictions may limit access. 
550 |a Official publication of Africa Health Research Organization. 
588 |a Description based on: Vol. 1, issue 1 (Jan./June 2008). 
588 |a Latest issue consulted: Vol. 2, issue 2 (July/Dec. 2009). 
650 0 |a Tropical medicine  |v Periodicals. 
650 1 2 |a Tropical Medicine. 
650 2 2 |a Communicable Diseases. 
650 2 2 |a Public Health. 
650 7 |a Tropical medicine.  |2 fast  |0 (OCoLC)fst01157469 
655 0 |a Electronic journals. 
710 2 |a Africa Health Research Organization. 
856 4 0 |z Full text available from Research Library: 01/01/2008 to present  |u https://search.proquest.com/publication/226528